Die 100 bevölkerungsreichsten Länder der Welt - Statistiken

Allgemein
  • Dieses Quiz wurde 505 mal gespielt
  • Das Durchschnittsergebnis liegt bei 76 aus 100
Antwortstatistiken
Einwohnerzahl Land % Korrekt
1.425.849.288 China
100%
1.422.026.528 Indien
100%
339.080.235 Vereinigte Staaten
99%
215.802.222 Brasilien
98%
83.312.897 Deutschland
97%
64.692.714 Frankreich
97%
127.984.117 Mexiko
97%
144.694.112 Russland
97%
123.625.074 Japan
96%
47.541.049 Spanien
95%
111.847.400 Ägypten
94%
45.630.699 Argentinien
94%
276.386.389 Indonesien
94%
26.696.096 Niger
94%
41.477.607 Polen
94%
58.955.548 Italien
93%
38.617.808 Kanada
93%
238.126.113 Pakistan
93%
60.140.971 Südafrika
93%
67.623.566 Vereinigtes Königreich
93%
88.844.498 Iran
92%
221.153.992 Nigeria
92%
85.590.849 Türkei
92%
26.308.571 Australien
90%
44.996.074 Irak
90%
36.069.274 Ukraine
90%
100.606.566 Demokratische Republik Kongo
89%
19.615.038 Chile
87%
51.959.221 Kolumbien
87%
37.651.472 Marokko
87%
9.106.126 Österreich
87%
36.681.089 Saudi-Arabien
87%
10.581.025 Schweden
87%
51.802.594 Südkorea
87%
71.753.808 Thailand
87%
45.262.858 Algerien
86%
10.360.330 Griechenland
86%
34.187.465 Peru
86%
10.259.508 Portugal
86%
17.591.475 Niederlande
85%
98.531.429 Vietnam
85%
172.075.151 Bangladesch
84%
124.937.259 Äthiopien
81%
116.451.694 Philippinen
81%
41.677.052 Afghanistan
79%
33.797.235 Ghana
79%
19.500.494 Kasachstan
79%
26.116.716 Nordkorea
79%
47.486.909 Sudan
79%
28.555.733 Venezuela
79%
11.671.181 Belgien
78%
10.490.467 Tschechien
78%
19.053.815 Rumänien
77%
8.768.926 Schweiz
77%
12.299.254 Bolivien
76%
34.070.907 Jemen
76%
54.555.095 Kenia
76%
22.660.911 Syrien
76%
9.520.011 Belarus
75%
10.246.068 Ungarn
75%
54.380.868 Myanmar
73%
22.938.514 Mali
72%
36.128.402 Angola
71%
34.125.044 Malaysia
71%
17.536.231 Senegal
71%
17.865.030 Somalia
71%
66.455.898 Tansania
71%
34.902.257 Usbekistan
70%
28.510.594 Elfenbeinküste
69%
28.276.861 Kamerun
69%
12.403.537 Tunesien
69%
17.997.367 Tschad
68%
9.105.885 Israel
66%
29.963.345 Madagaskar
66%
18.096.554 Ecuador
65%
30.723.209 Nepal
64%
10.996.795 Südsudan
64%
16.855.079 Kambodscha
63%
11.203.797 Kuba
63%
16.488.132 Simbabwe
61%
47.914.973 Uganda
61%
11.315.547 Jordanien
59%
33.420.619 Mosambik
59%
20.289.612 Sambia
59%
9.478.996 Vereinigte Arabische Emirate
58%
17.965.114 Guatemala
57%
10.510.764 Honduras
56%
8.950.663 Togo
56%
14.023.588 Guinea
55%
10.386.538 Aserbaidschan
54%
22.959.516 Burkina Faso
52%
10.236.825 Papua-Neuguinea
52%
21.864.402 Sri Lanka
52%
10.049.043 Tadschikistan
52%
11.653.948 Haiti
49%
13.935.012 Ruanda
48%
11.281.875 Dominikanische Republik
47%
13.531.365 Benin
45%
20.664.390 Malawi
38%
13.063.283 Burundi
37%
Keine übereinstimmenden Quizze gefunden
Verteilung der Resultate
Anzahl Personen mit jedem Resultat
Perzentil nach korrekt beantworteten Fragen
Ihre Resultats-Entwicklung
Sie haben dieses Quiz noch nicht gespielt